Nad rámec HDP - nové meradlá pre novú ekonomiku

Zhodnotenie vhodnosti ukazovateľa HDP na meranie sociálno-ekonomického rozvoja ekonomiky a potreba jeho doplnenia o alternatívne meradlá výkonnosti ekonomiky.

Guardado en:
Detalles Bibliográficos
Autor principal: Poláková, Zdenka
Formato: Capítulo de libro
Lenguaje:eslovaco
Materias:
Etiquetas: Agregar Etiqueta
Sin Etiquetas, Sea el primero en etiquetar este registro!

MARC

LEADER 00000nla a2200000 4500
001 0164073
005 20240502072845.6
041 0 |a slo 
044 |a SK 
245 1 0 |a Nad rámec HDP - nové meradlá pre novú ekonomiku  |c Zdenka Poláková 
520 |a Zhodnotenie vhodnosti ukazovateľa HDP na meranie sociálno-ekonomického rozvoja ekonomiky a potreba jeho doplnenia o alternatívne meradlá výkonnosti ekonomiky. 
610 2 0 |a rozvoj hospodársky 
610 2 0 |a rozvoj sociálno-ekonomický 
610 2 0 |a meranie výkonnosti 
610 2 0 |a ukazovatele makroekonomické 
610 2 0 |a produkt domáci hrubý 
610 2 0 |a ukazovatele sociálne 
610 2 0 |a ekonomika nová 
100 1 |a Poláková, Zdenka